000 01157nam0a22002891 4500
001 rc\1067939
005 20250612173238.0
021 _aRU
_b81-ОКЭ-7754/13
035 _a(NLR Aleph) 008755017
090 _a7830693
_c7830693
100 _a20041129d1980 |||y0rusy50 ca
101 0 _arus
102 _aRU
105 _aa j||||||||
200 1 _aСборник задач по курсу вычислительные машины и программирование на ЭВМ
_eучебное пособие
_fБ.Ф. Лосев, А.Т. Кушарев, Р.С. Рашитов
_gМ-во торговли РСФСР, Ленингр. ин-т сов. торговли им. Ф. Энгельса
210 _aЛенинград
_cб.и.
_d1980
215 _a82 с.
_cил.
_d20
320 _aБиблиогр.: с. 4
700 1 _aЛосев
_bБ. Ф.
_gБорис Федорович
701 1 _aКушарев
_bА. Т.
701 1 _aРашитов
_bР. С.
_gРадик Сагитзянович
801 0 _aRU
_bNLR
_gpsbo
801 1 _aRU
_bELAR
_2rusmarc
801 2 _aRU
_bNLR
_c20120620
_2rusmarc
852 _aNLR
_j81-4/32393
942 _cBOOK
980 _aNB